All Division 1 Colleges and Universities - Statistics

General Stats
  • This quiz has been taken 22 times
  • The average score is 171 of 364
Answer Stats
Picture Answer % Correct
Boston College
89%
Brown
83%
BYU
83%
Arizona St
78%
Auburn
78%
Baylor
78%
Bowling Green
78%
Ohio St
78%
Princeton
78%
Syracuse
78%
Alabama
72%
Boise St
72%
Clemson
72%
Dartmouth
72%
Florida
72%
Fresno St
72%
Georgetown
72%
Georgia
72%
Georgia Southern
72%
Georgia Tech
72%
Illinois
72%
Iowa St
72%
Kentucky
72%
Louisiana St
72%
Michigan St
72%
Northwestern
72%
Purdue
72%
Rutgers
72%
Stanford
72%
Texas A&M
72%
Texas Christian
72%
Texas Tech
72%
UCLA
72%
Air Force
67%
Arkansas
67%
Arkansas St
67%
Army
67%
Ball St
67%
Central Florida
67%
Coastal Carolina
67%
Colorado
67%
Delaware
67%
Duke
67%
East Carolina
67%
Florida St
67%
Harvard
67%
Holy Cross
67%
Indiana
67%
Kansas
67%
Maryland
67%
Michigan
67%
Navy
67%
Northern Arizona
67%
Oklahoma St
67%
UConn
67%
UMass
67%
Abilene Christian
61%
Alabama A&M
61%
Alabama St
61%
Appalachian St
61%
Arizona
61%
California Polytechnic
61%
Central Michigan
61%
Colorado St
61%
Columbia
61%
Cornell
61%
Creighton
61%
Eastern Washington
61%
Florida Atlantic
61%
Florida Gulf Coast
61%
Florida International
61%
George Mason
61%
George Washington
61%
Gonzaga
61%
Hawaii
61%
Houston
61%
Idaho
61%
Indiana St
61%
Iowa
61%
Jackson St
61%
Liberty
61%
Louisiana Tech
61%
Louisville
61%
Marquette
61%
Minnesota
61%
Mississippi St
61%
Ole Miss
61%
Oregon St
61%
Penn St
61%
Pittsburgh
61%
Saint Johns
61%
Sam Houston St
61%
San Diego St
61%
Texas St
61%
Tulane
61%
UC Irvine
61%
UC Santa Barbara
61%
Wisconsin
61%
Akron
56%
Alcorn St
56%
Austin Peay
56%
Bethune Cookman
56%
Cincinatti
56%
Eastern Michigan
56%
Fordham
56%
Georgia St
56%
Jacksonville St
56%
Kansas St
56%
Kent St
56%
Marshall
56%
Miami
56%
Middle Tennessee
56%
Nebraska
56%
New Mexico
56%
North Carolina St
56%
Old Dominion
56%
Oregon
56%
Sacramento St
56%
San Jose St
56%
South Carolina St
56%
South Dakota St
56%
Tarleton St
56%
Temple
56%
Tennessee
56%
Texas
56%
Troy
56%
UAB
56%
UC Berkeley
56%
UC Riverside
56%
Utah St
56%
Virginia Tech
56%
Washington
56%
West Virginia
56%
Yale
56%
Bucknell
50%
Colgate
50%
Delaware St
50%
Drake
50%
Duquesne
50%
East Tennessee St
50%
Florida A&M
50%
Furman
50%
Grambling St
50%
Howard
50%
Idaho St
50%
James Madison
50%
Kennesaw St
50%
Loyola Chicago
50%
Loyola Marymount
50%
Marist
50%
Memphis
50%
Mercer
50%
Missouri
50%
Missouri St
50%
Montana
50%
Montana St
50%
Nevada
50%
North Dakota
50%
Northern Illinois
50%
Notre Dame
50%
Oral Roberts
50%
Portland St
50%
Prairie View A&M
50%
Providence
50%
Rhode Island
50%
Rice
50%
Saint Mary's
50%
San Francisco
50%
South Carolina
50%
Southern Methodist
50%
South Florida
50%
St Bonaventure
50%
Stephen F Austin
50%
UNC Chapel Hill
50%
Utah
50%
Vanderbilt
50%
Villanova
50%
Virginia
50%
Wake Forest
50%
William and Mary
50%
Xavier
50%
American
44%
Bellarmine
44%
Belmont
44%
Bryant
44%
Butler
44%
Campbell
44%
Cleveland St
44%
Davidson
44%
Dayton
44%
DePaul
44%
Drexel
44%
Eastern Illinois
44%
Elon
44%
Grand Canyon
44%
Hampton
44%
Illinois Chicago
44%
Long Beach
44%
Louisiana
44%
New Jersey Institute of Technology
44%
New Mexico St
44%
Nicholls St
44%
North Carolina A&T
44%
North Dakota St
44%
Ohio
44%
Oklahoma
44%
Pepperdine
44%
Quinnipiac
44%
Saint Josephs
44%
Saint Louis
44%
Saint Peter's
44%
Samford
44%
South Dakota
44%
Southern
44%
Southern California
44%
Stetson
44%
Tennessee St
44%
Texas Southern
44%
UNC Charlotte
44%
UNLV
44%
UTEP
44%
UTSA
44%
Washington St
44%
Western Kentucky
44%
Wyoming
44%
Albany
39%
Arkansas Pine Bluff
39%
Bradley
39%
Buffalo
39%
Cal St Fullerton
39%
Canisius
39%
Central Connecticut
39%
Chicago St
39%
Coppin St
39%
Eastern Kentucky
39%
Fairfield
39%
Fairleigh Dickinson
39%
Gardner-Webb
39%
Hofstra
39%
Illinois St
39%
IUPUI
39%
Jacksonville
39%
La Salle
39%
Lehigh
39%
Lipscomb
39%
Long Island
39%
Longwood
39%
Loyola Maryland
39%
Maine
39%
Manhattan
39%
McNeese St
39%
Merrimack
39%
Miami Ohio
39%
Mississippi Valley St
39%
Morehead St
39%
Mount St Marys
39%
Murray St
39%
Norfolk St
39%
Northern Kentucky
39%
North Texas
39%
Oakland
39%
Omaha
39%
Presbyterian
39%
Queens
39%
Richmond
39%
Saint Francis
39%
San Diego
39%
Santa Clara
39%
Seton Hall
39%
South Alabama
39%
Southern Illinois Edwardsville
39%
Stony Brook
39%
Tennessee Tech
39%
Texas A&M Corpus Christi
39%
The Citadel
39%
Toledo
39%
UC Davis
39%
UC San Diego
39%
UL Monroe
39%
Wichita St
39%
Arkansas Little Rock
33%
Binghamton
33%
Cal St Bakersfield
33%
Central Arkansas
33%
Charleston Southern
33%
Chattanooga
33%
Denver
33%
Green Bay
33%
Lafayette
33%
Lamar
33%
Lindenwood
33%
Monmouth
33%
North Carolina Central
33%
Northern Colorado
33%
Northern Iowa
33%
Radford
33%
Rider
33%
Robert Morris
33%
Sacred Heart
33%
Southeast Louisiana
33%
Texas A&M Commerce
33%
Towson
33%
Tulsa
33%
UMBC
33%
UPenn
33%
UTRGV
33%
Valparaiso
33%
Vermont
33%
VMI
33%
Western Michigan
33%
Wofford
33%
California Baptist
28%
Cal St Northridge
28%
Evansville
28%
Houston Christian
28%
Incarnate Word
28%
Purdue Fort Wayne
28%
Southeast Missouri St
28%
Southern Mississippi
28%
UMass Lowell
28%
UNC Ashville
28%
UNC Wilmington
28%
VCU
28%
Weber St
28%
Winthrop
28%
Youngstown St
28%
College of Charleston
22%
Detroit Mercy
22%
High Point
22%
Iona
22%
Mercyhurst
22%
Milwaukee
22%
New Orleans
22%
Northeastern
22%
North Florida
22%
Portland
22%
Siena
22%
Southern Utah
22%
St Thomas
22%
UMKC
22%
USC Upstate
22%
UT Arlington
22%
UT Martin
22%
West Georgia
22%
Hartford
17%
Le Moyne
17%
Morgan St
17%
New Hampshire
17%
Niagara
17%
North Alabama
17%
Southern Illinois Carbondale
17%
UNC Greensboro
17%
Utah Tech
17%
Wagner
17%
Western Carolina
17%
Western Illinois
17%
Wright St
17%
Northwestern Louisiana St
11%
Pacific
11%
Stonehill
11%
Utah Valley
11%
Maryland Eastern Shore
6%
Seattle
6%
Southern Indiana
6%
No matching quizzes found
Score Distribution
Percent of People with Each Score
Percentile by Number Answered
Your Score History
You have not taken this quiz